Investment analysis and portfolio management / (Record no. 208328)
[ view plain ]
| 000 -LEADER | |
|---|---|
| fixed length control field | 00788nam a2200229Ia 4500 |
| 005 - DATE AND TIME OF LATEST TRANSACTION | |
| control field | 20220603141225.0 |
| 008 - FIXED-LENGTH DATA ELEMENTS--GENERAL INFORMATION | |
| fixed length control field | 210716s2003 xx 000 0 und d |
| 020 ## - INTERNATIONAL STANDARD BOOK NUMBER | |
| International Standard Book Number | 9781259005992 |
| 040 ## - CATALOGING SOURCE | |
| Transcribing agency | AIMIT LIBRARY |
| 041 ## - LANGUAGE CODE | |
| Language code of text/sound track or separate title | eng |
| 082 ## - DEWEY DECIMAL CLASSIFICATION NUMBER | |
| Classification number | 332.64 |
| Edition number | 4 |
| Item number | CHAP |
| 100 ## - MAIN ENTRY--PERSONAL NAME | |
| Personal name | Chandra, Prasanna. |
| 9 (RLIN) | 40191 |
| 245 ## - TITLE STATEMENT | |
| Title | Investment analysis and portfolio management / |
| Statement of responsibility, etc. | By Prasanna Chandra |
| 250 ## - EDITION STATEMENT | |
| Edition statement | 4th ed. |
| 260 ## - PUBLICATION, DISTRIBUTION, ETC. | |
| Place of publication, distribution, etc. | New Delhi : |
| Name of publisher, distributor, etc. | Tata McGraw Hill Publishing Company Ltd , |
| Date of publication, distribution, etc. | 2012. |
| 300 ## - PHYSICAL DESCRIPTION | |
| Extent | xxii,26.25,A9,B4,C8,D7,I.6p. ; |
| Other physical details | PB |
| Dimensions | 24 cm. |
| 650 ## - SUBJECT ADDED ENTRY--TOPICAL TERM | |
| Topical term or geographic name entry element | Investment-Capital Market. |
| 9 (RLIN) | 40192 |
| 650 ## - SUBJECT ADDED ENTRY--TOPICAL TERM | |
| Topical term or geographic name entry element | Analytical methods. |
| 9 (RLIN) | 40323 |
| 651 ## - SUBJECT ADDED ENTRY--GEOGRAPHIC NAME | |
| Geographic name | Financial statement analysis. |
| 9 (RLIN) | 40324 |
| 651 ## - SUBJECT ADDED ENTRY--GEOGRAPHIC NAME | |
| Geographic name | Portfolio theory and capital pricing. |
| 9 (RLIN) | 40325 |
| 942 ## - ADDED ENTRY ELEMENTS (KOHA) | |
| Source of classification or shelving scheme | Dewey Decimal Classification |
| Koha item type | Book |
| Edition | 4th |
| Call number prefix | 332.64 CHAP |
| Withdrawn status | Lost status | Source of classification or shelving scheme | Damaged status | Not for loan | Collection code | Home library | Current library | Date acquired | Source of acquisition | Total Checkouts | Full call number | Barcode | Date last seen | Date last checked out | Price effective from | Koha item type | Cost, normal purchase price | Cost, replacement price |
|---|---|---|---|---|---|---|---|---|---|---|---|---|---|---|---|---|---|---|
| Dewey Decimal Classification | MCA | St Aloysius Institute of Management & Information Technology | St Aloysius Institute of Management & Information Technology | 07/16/2021 | Donated | 1 | 332.64 CHAP | MCA06605 | 05/23/2026 | 10/13/2021 | 07/16/2021 | Donated Books | ||||||
| Dewey Decimal Classification | MCA | St Aloysius Institute of Management & Information Technology | St Aloysius Institute of Management & Information Technology | 07/16/2021 | Donated | 1 | 332.64 CHAP | MCA06606 | 05/23/2026 | 10/13/2021 | 07/16/2021 | Donated Books | ||||||
| Dewey Decimal Classification | MCA | St Aloysius Institute of Management & Information Technology | St Aloysius Institute of Management & Information Technology | 07/16/2021 | Donated | 1 | 332.64 CHAP | MCA06607 | 05/23/2026 | 09/09/2021 | 07/16/2021 | Donated Books | ||||||
| Dewey Decimal Classification | MCA | St Aloysius Institute of Management & Information Technology | St Aloysius Institute of Management & Information Technology | 07/16/2021 | Donated | 332.64 CHAP | MCA06977 | 05/23/2026 | 07/16/2021 | Donated Books | ||||||||
| MBA | St Aloysius Institute of Management & Information Technology | St Aloysius Institute of Management & Information Technology | 12/19/2013 | 7 | 332.64 CHAP | MBA10894 | 05/23/2026 | 03/13/2025 | 07/16/2021 | Book | 595.00 | 446.25 | ||||||
| MBA | St Aloysius Institute of Management & Information Technology | St Aloysius Institute of Management & Information Technology | 02/16/2016 | 6 | 332.64 CHAP | MBA12214 | 05/23/2026 | 02/10/2025 | 07/16/2021 | Book | 675.00 | 540.00 |